Political science and government (Record no. 22160)

000 -LEADER
fixed length control field 00451nam a22001817a 4500
001 - CONTROL NUMBER
control field 22160
003 - CONTROL NUMBER IDENTIFIER
control field BD-DhUET
008 - FIXED-LENGTH DATA ELEMENTS--GENERAL INFORMATION
fixed length control field 150423b xxu||||| |||| 00| 0 eng d
040 ## - CATALOGING SOURCE
Original cataloging agency DLC
Transcribing agency DLC
Modifying agency BD-DhUET
082 ## - DEWEY DECIMAL CLASSIFICATION NUMBER
Classification number 320
Item number HAF/1970
100 ## - MAIN ENTRY--PERSONAL NAME
Personal name Hafiz Habibur Rahman
245 ## - TITLE STATEMENT
Title Political science and government
250 ## - EDITION STATEMENT
Edition statement 8th ed.
260 ## - PUBLICATION, DISTRIBUTION, ETC. (IMPRINT)
Place of publication, distribution, etc. Dacca
Name of publisher, distributor, etc. Ideal Publications
Date of publication, distribution, etc. 1970
300 ## - PHYSICAL DESCRIPTION
Extent ix,183 p.
650 #0 - SUBJECT ADDED ENTRY--TOPICAL TERM
Topical term or geographic name as entry element Political science
942 ## - ADDED ENTRY ELEMENTS (KOHA)
Koha item type General Book
Holdings
Location (home branch) Lost status Not for loan Source of classification or shelving scheme Damaged status Koha item type Price effective from Koha date last borrowed Koha issues (times borrowed) Sublocation or collection (holding branch) Koha date last seen Koha full call number Koha normalized classification for sorting Withdrawn status Shelving location Date acquired Piece designation (barcode) Copy number
Central Library, BUET    Contented Book 2015-04-232017-03-191Central Library, BUET2017-05-08320/HAF/1970320_000000000000000_HAF_1970 Circulation section2015-04-23171151
Central Library, BUET    General Book2017-05-16  Central Library, BUET2017-05-16320/HAF/1970320_000000000000000_HAF_1970 Circulation section1970-12-15171142